[Event "Agen 2017 - Open D"]
[Site "?"]
[Date "2017.08.22"]
[Round "4.4"]
[White "Seillon, Geoffrey"]
[Black "Alachtar, Socrate"]
[Result "0-1"]
[LiveChessVersion "1.4.8"]
[BlackElo "1426"]
[WhiteElo "1488"]

1. e4 {[%clk 1:30:47]} e6 {[%clk 1:30:54]} 2. d3 {[%clk 1:29:44]} c5
{[%clk 1:31:02]} 3. Nf3 {[%clk 1:27:48]} Nc6 {[%clk 1:31:16]} 4. Nbd2
{[%clk 1:24:43]} d5 {[%clk 1:31:29]} 5. g3 {[%clk 1:24:57]} Bd6 {[%clk 1:30:56]}
6. Bg2 {[%clk 1:24:29]} Nge7 {[%clk 1:30:03]} 7. O-O {[%clk 1:23:55]} O-O
{[%clk 1:30:27]} 8. Re1 {[%clk 1:24:02]} Qc7 {[%clk 1:29:57]} 9. Nf1
{[%clk 1:21:27]} d4 {[%clk 1:29:59]} 10. Qe2 {[%clk 1:21:09]} e5 {[%clk 1:29:59]}
11. h4 {[%clk 1:20:07]} f5 {[%clk 1:27:47]} 12. N1h2 {[%clk 1:12:49]} fxe4
{[%clk 1:20:27]} 13. dxe4 {[%clk 1:11:39]} Be6 {[%clk 1:19:34]} 14. Ng5
{[%clk 1:11:27]} Qd7 {[%clk 1:19:08]} 15. Qh5 {[%clk 1:10:45]} h6
{[%clk 1:18:56]} 16. Nxe6 {[%clk 1:07:18]} Qxe6 {[%clk 1:19:07]} 17. Bf1
{[%clk 1:05:28]} Qg6 {[%clk 1:16:14]} 18. Qe2 {[%clk 1:05:18]} a6
{[%clk 1:16:11]} 19. h5 {[%clk 1:03:57]} Qf7 {[%clk 1:14:30]} 20. Ng4
{[%clk 1:04:11]} Kh7 {[%clk 1:13:20]} 21. a4 {[%clk 1:02:04]} Ng8
{[%clk 1:12:40]} 22. Nh2 {[%clk 1:01:34]} Be7 {[%clk 1:12:28]} 23. Bh3
{[%clk 1:01:02]} d3 {[%clk 1:09:53]} 24. cxd3 {[%clk 0:59:01]} Nd4
{[%clk 1:10:04]} 25. Qd1 {[%clk 0:58:49]} Qxf2+ {[%clk 1:10:05]} 26. Kh1
{[%clk 0:58:53]} Qxg3 {[%clk 1:07:41]} 27. Re3 {[%clk 0:55:02]} Qh4
{[%clk 1:05:43]} 28. Bg4 {[%clk 0:49:09]} Rf2 {[%clk 1:03:59]} 29. Rh3
{[%clk 0:48:24]} Qf6 {[%clk 1:03:17]} 30. Be3 {[%clk 0:48:19]} Rxb2
{[%clk 1:02:29]} 31. Bxd4 {[%clk 0:48:14]} exd4 {[%clk 1:02:29]} 32. Bf5+
{[%clk 0:47:37]} Kh8 {[%clk 1:01:27]} 33. Nf3 {[%clk 0:46:41]} Bd6
{[%clk 1:00:49]} 34. Nh4 {[%clk 0:45:01]} Ne7 {[%clk 1:00:54]} 35. Qg4
{[%clk 0:41:48]} Rf8 {[%clk 0:59:43]} 36. Re1 {[%clk 0:37:30]} Rf2
{[%clk 0:56:02]} 37. Nf3 {[%clk 0:33:40]} Nxf5 {[%clk 0:54:52]} 38. e5
{[%clk 0:33:50]} Bxe5 {[%clk 0:48:25]} 39. Nxe5 {[%clk 0:30:45]} Ng3+
{[%clk 0:48:10]} 40. Rxg3 {[%clk 1:00:20]} Rf1+ {[%clk 1:17:31]} 41. Rg1
{[%clk 1:00:12]} Rxg1+ {[%clk 1:17:44]} 42. Qxg1 {[%clk 1:00:14]} Qh4+
{[%clk 1:17:41]} 43. Kg2 {[%clk 1:00:09]} Qg5+ {[%clk 1:16:22]} 44. Kh3
{[%clk 0:59:20]} Qxh5+ {[%clk 1:16:37]} 45. Kg3 {[%clk 0:59:20]} Qg5+
{[%clk 1:16:33]} 46. Ng4 {[%clk 0:59:14]} h5 {[%clk 1:16:34]} 47. Qh1
{[%clk 0:55:05]} Qxg4+ {[%clk 1:16:50]} 48. Kh2 {[%clk 0:55:27]} Rf2+
{[%clk 1:17:12]} 0-1

[Event "Champ France Acc"]
[Site "Agen"]
[Date "2017/08/22"]
[Round "4"]
[White "TRAVADON Loic"]
[Black "LOISEAU Quentin"]
[Result "1/2-1/2"]
[WhiteElo "2341"]
[BlackElo "2425"]
[TimeControl "900"]

1. d4 Nf6
2. c4 e6
3. Nf3 d5
4. Nc3 dxc4
5. e4 Bb4
6. Bg5 c5
7. Bxc4 cxd4
8. Nxd4 Bxc3+
9. bxc3 Qa5
10. Bxf6 gxf6
11. Bb5+ Bd7
12. Bxd7+ Nxd7
13. O-O Qe5
14. Qa4 a6
15. Rab1 Qc7
16. Rfd1 Rd8
17. Rd3 O-O
18. Qd1 Kh8
19. Qh5 Qe5
20. Qh4 Qg5
21. Qxg5 fxg5
22. Nc6 bxc6
23. Rbd1 Kg7
24. Rxd7 Rxd7
25. Rxd7 Rb8
26. g3 Rb5
27. Rd4 Ra5
28. Rc4 Rxa2
29. Rxc6 g4
30. Rc7 a5
31. c4 Re2
32. Ra7 Rxe4
33. Rxa5 Rxc4
34. Kg2 Kg6
35. Ra8 h5
36. Rg8+ Kh7
37. Rg5 Kh6
38. Rg8 Rc5
39. h3 Rg5
40. Re8 Rf5
41. hxg4 hxg4
42. Rg8 Rg5
43. Rh8+ Kg6
44. Rg8+ Kf5
45. Ra8 f6
46. Rh8 e5
47. Rh7 Rg8
48. Ra7 Rb8
49. Ra5 Rb2
50. Kf1 Kg6
51. Ra4 Kg5
52. Ra5 Rb3
53. Ke2 Rf3
54. Kf1 Kg6
55. Ra4 f5
56. Ra6+ Kg5
57. Re6 e4
58. Ke2 Kh5
59. Ke1 Rb3
60. Ke2 Kg5
61. Ke1 Rb2
62. Kf1 Ra2
63. Ke1 Ra3
64. Ke2 Rf3
65. Ke1 e3
66. Rxe3 Rxe3+
67. fxe3 Kf6
68. Kf2 Ke5
69. Ke1 Kd5
70. Kd1 Kc4
71. Kc2 Kd5
72. Kd1 Ke4
73. Ke2 Kd5 1/2-1/2

[Event "Champ France Acc"]
[Site "Agen"]
[Date "2017/08/21"]
[Round "4"]
[White "LE HETET Nicolas"]
[Black "OLLIER Pablo"]
[Result "0-1"]
[WhiteElo "2317"]
[BlackElo "2395"]
[TimeControl "900"]

1. e4 e5
2. Nf3 Nc6
3. d4 exd4
4. Nxd4 Nf6
5. Nxc6 bxc6
6. e5 Qe7
7. Qe2 Nd5
8. c4 Nb6
9. Nc3 Qe6
10. Qe4 g6
11. Bd3 Bg7
12. f4 Ba6
13. b3 O-O
14. O-O d5
15. cxd5 cxd5
16. Qe2 Bxd3
17. Qxd3 c5
18. Ba3 Rac8
19. Nb5 Rfd8
20. Rae1 c4
21. Qg3 f5
22. exf6 Qxf6
23. Be7 Qf5
24. Bxd8 Rxd8
25. Qg5 Qxg5
26. fxg5 c3
27. Nxa7 d4
28. Nc6 Rf8
29. Rxf8+ Bxf8
30. Ne5 Nd5
31. Nd3 Nb4
32. Nxb4 Bxb4
33. Re8+ Kf7
34. Rc8 d3
35. Kf2 c2
36. Ke3 d2 0-1

[Event "Agen 2017 National"]
[Site "?"]
[Date "2017.08.23"]
[Round "5.1"]
[White "Bauer, Christian"]
[Black "Fressinet, Laurent"]
[Result "1/2-1/2"]
[BlackElo "2650"]
[WhiteElo "2650"]
[LiveChessVersion "1.4.8"]

1. d4 {[%clk 1:29:54]} Nf6 {[%clk 1:29:59]} 2. Bf4 {[%clk 1:30:13]} d5
{[%clk 1:29:58]} 3. e3 {[%clk 1:30:31]} e6 {[%clk 1:29:43]} 4. Nf3
{[%clk 1:29:58]} c5 {[%clk 1:29:41]} 5. c3 {[%clk 1:30:19]} Nc6 {[%clk 1:29:58]}
6. Nbd2 {[%clk 1:30:30]} cxd4 {[%clk 1:30:16]} 7. exd4 {[%clk 1:30:35]} Nh5
{[%clk 1:30:37]} 8. Be3 {[%clk 1:29:04]} Bd6 {[%clk 1:30:10]} 9. Ne5
{[%clk 1:26:15]} g6 {[%clk 1:28:00]} 10. Ndf3 {[%clk 1:24:31]} f6
{[%clk 1:26:06]} 11. Ng4 {[%clk 1:23:43]} O-O {[%clk 1:25:22]} 12. Qd2
{[%clk 1:18:07]} Kh8 {[%clk 1:24:12]} 13. h3 {[%clk 1:09:36]} Ne7
{[%clk 1:03:40]} 14. g3 {[%clk 0:43:34]} Nf5 {[%clk 1:01:42]} 15. Bg2
{[%clk 0:43:55]} Qc7 {[%clk 0:57:54]} 16. O-O {[%clk 0:43:04]} Bd7
{[%clk 0:57:35]} 17. Rfe1 {[%clk 0:39:43]} Rae8 {[%clk 0:53:12]} 18. Bh6
{[%clk 0:36:37]} Nxh6 {[%clk 0:49:07]} 19. Qxh6 {[%clk 0:36:07]} Bc6
{[%clk 0:48:22]} 20. Rad1 {[%clk 0:33:51]} Qg7 {[%clk 0:42:34]} 21. Qd2
{[%clk 0:31:38]} Qc7 {[%clk 0:40:11]} 22. Qh6 {[%clk 0:32:03]} Qg7
{[%clk 0:40:37]} 23. Qd2 {[%clk 0:32:30]} Qc7 {[%clk 0:41:02]} 24. Qh6
{[%clk 0:32:57]} 1/2-1/2

[Event "Agen 2017 National"]
[Site "?"]
[Date "2017.08.23"]
[Round "5.2"]
[White "Gharamian, Tigran"]
[Black "Cornette, Matthieu"]
[Result "1/2-1/2"]
[BlackElo "2609"]
[WhiteElo "2616"]
[LiveChessVersion "1.4.8"]

1. e4 {[%clk 1:30:54]} c5 {[%clk 1:30:23]} 2. Nf3 {[%clk 1:31:03]} Nc6
{[%clk 1:30:49]} 3. Bb5 {[%clk 1:31:14]} g6 {[%clk 1:30:42]} 4. Bxc6
{[%clk 1:31:24]} dxc6 {[%clk 1:30:50]} 5. d3 {[%clk 1:31:47]} Bg7
{[%clk 1:31:13]} 6. h3 {[%clk 1:31:34]} Nf6 {[%clk 1:31:32]} 7. Nc3
{[%clk 1:31:21]} b6 {[%clk 1:31:11]} 8. O-O {[%clk 1:25:02]} O-O {[%clk 1:31:18]}
9. Bf4 {[%clk 1:22:30]} Nh5 {[%clk 1:31:19]} 10. Bh2 {[%clk 1:21:10]} Bh6
{[%clk 1:31:00]} 11. Ne2 {[%clk 1:03:40]} f6 {[%clk 1:30:30]} 12. Re1
{[%clk 0:53:21]} e5 {[%clk 1:19:50]} 13. c3 {[%clk 0:53:20]} Ng7 {[%clk 1:18:08]}
14. d4 {[%clk 0:51:09]} cxd4 {[%clk 1:16:49]} 15. cxd4 {[%clk 0:51:29]} exd4
{[%clk 1:16:54]} 16. Nexd4 {[%clk 0:51:11]} c5 {[%clk 1:09:44]} 17. Qb3+
{[%clk 0:48:43]} Rf7 {[%clk 1:07:04]} 18. Nb5 {[%clk 0:47:22]} Be6
{[%clk 1:06:54]} 19. Qc2 {[%clk 0:43:59]} Rd7 {[%clk 1:00:34]} 20. e5
{[%clk 0:39:28]} Bd5 {[%clk 0:45:29]} 21. Qc3 {[%clk 0:35:47]} a6
{[%clk 0:42:51]} 22. Nd6 {[%clk 0:34:49]} fxe5 {[%clk 0:41:37]} 23. Ne4
{[%clk 0:32:32]} Bxe4 {[%clk 0:36:36]} 24. Rxe4 {[%clk 0:32:54]} Rd1+
{[%clk 0:36:58]} 25. Rxd1 {[%clk 0:30:29]} Qxd1+ {[%clk 0:37:25]} 26. Re1
{[%clk 0:30:21]} Qd5 {[%clk 0:37:40]} 27. Bxe5 {[%clk 0:28:37]} Re8
{[%clk 0:33:00]} 28. b3 {[%clk 0:24:00]} Ne6 {[%clk 0:30:51]} 29. Qa1
{[%clk 0:22:11]} Nf4 {[%clk 0:26:10]} 30. Bxf4 {[%clk 0:16:34]} Rxe1+
{[%clk 0:26:34]} 31. Qxe1 {[%clk 0:17:01]} Bxf4 {[%clk 0:26:59]} 32. Qe8+
{[%clk 0:17:26]} Kg7 {[%clk 0:27:23]} 33. Qe7+ {[%clk 0:17:53]} Kg8
{[%clk 0:27:02]} 34. Qe8+ {[%clk 0:18:18]} Kg7 {[%clk 0:27:30]} 35. Qe7+
{[%clk 0:18:40]} Kg8 {[%clk 0:27:58]} 36. Qe8+ 1/2-1/2

[Event "Agen 2017 National"]
[Site "?"]
[Date "2017.08.23"]
[Round "5.3"]
[White "Gozzoli, Yannick"]
[Black "Chabanon, Jean-Luc"]
[Result "1-0"]
[BlackElo "2467"]
[WhiteElo "2592"]
[LiveChessVersion "1.4.8"]

1. d4 {[%clk 1:30:56]} Nf6 {[%clk 1:27:47]} 2. c4 {[%clk 1:31:04]} e6
{[%clk 1:28:01]} 3. Nf3 {[%clk 1:31:21]} b6 {[%clk 1:27:32]} 4. g3
{[%clk 1:31:05]} Ba6 {[%clk 1:26:45]} 5. Qa4 {[%clk 1:30:43]} Bb7
{[%clk 1:22:22]} 6. Bg2 {[%clk 1:28:31]} c5 {[%clk 1:21:09]} 7. dxc5
{[%clk 1:28:42]} bxc5 {[%clk 1:21:33]} 8. Nc3 {[%clk 1:28:37]} Be7
{[%clk 1:20:55]} 9. O-O {[%clk 1:29:00]} O-O {[%clk 1:21:16]} 10. Rd1
{[%clk 1:29:25]} Qb6 {[%clk 1:21:34]} 11. Bf4 {[%clk 1:29:49]} Rd8
{[%clk 1:21:31]} 12. Qc2 {[%clk 1:24:41]} d6 {[%clk 1:05:52]} 13. e4
{[%clk 1:24:51]} Nc6 {[%clk 1:01:28]} 14. Qe2 {[%clk 1:18:20]} Nd7
{[%clk 0:49:25]} 15. Na4 {[%clk 1:06:58]} Qa6 {[%clk 0:41:41]} 16. b3
{[%clk 1:04:13]} Nde5 {[%clk 0:41:27]} 17. Nxe5 {[%clk 1:02:46]} dxe5
{[%clk 0:39:56]} 18. Be3 {[%clk 1:03:11]} Nd4 {[%clk 0:39:44]} 19. Bxd4
{[%clk 1:03:36]} Rxd4 {[%clk 0:21:50]} 20. Rxd4 {[%clk 1:02:38]} exd4
{[%clk 0:17:47]} 21. e5 {[%clk 1:02:57]} Bxg2 {[%clk 0:14:31]} 22. Kxg2
{[%clk 1:00:56]} Qc6+ {[%clk 0:14:52]} 23. Qf3 {[%clk 0:58:06]} Rc8
{[%clk 0:14:00]} 24. Nb2 {[%clk 0:58:16]} Kf8 {[%clk 0:08:39]} 25. Re1
{[%clk 0:55:24]} Qxf3+ {[%clk 0:09:02]} 26. Kxf3 {[%clk 0:55:49]} Ke8
{[%clk 0:09:13]} 27. h4 {[%clk 0:55:05]} a5 {[%clk 0:08:16]} 28. h5
{[%clk 0:55:18]} Kd7 {[%clk 0:08:25]} 29. Ke2 {[%clk 0:52:55]} Kc6
{[%clk 0:07:53]} 30. Kd2 {[%clk 0:52:55]} Bd8 {[%clk 0:07:44]} 31. Kc2
{[%clk 0:53:16]} Bc7 {[%clk 0:07:35]} 32. Nd3 {[%clk 0:53:07]} Ra8
{[%clk 0:07:14]} 33. a3 {[%clk 0:53:20]} Bb6 {[%clk 0:04:40]} 34. Kb2
{[%clk 0:50:11]} Bd8 {[%clk 0:04:56]} 35. Ra1 {[%clk 0:47:38]} Be7
{[%clk 0:05:07]} 36. b4 {[%clk 0:47:14]} axb4 {[%clk 0:04:43]} 37. axb4
{[%clk 0:47:42]} Rxa1 {[%clk 0:04:51]} 38. b5+ {[%clk 0:48:05]} Kb6
{[%clk 0:03:47]} 39. Kxa1 {[%clk 0:48:30]} Ka5 {[%clk 0:03:51]} 40. Kb2
{[%clk 1:18:57]} g6 {[%clk 0:33:42]} 41. g4 {[%clk 1:17:16]} gxh5
{[%clk 0:25:39]} 42. gxh5 {[%clk 1:17:41]} Kb6 {[%clk 0:24:41]} 43. Kc2
{[%clk 1:16:21]} Bf8 {[%clk 0:19:38]} 44. Kd2 {[%clk 1:15:20]} Be7
{[%clk 0:18:52]} 45. Ke2 {[%clk 1:15:09]} Bf8 {[%clk 0:17:42]} 46. Kf3
{[%clk 1:15:25]} Be7 {[%clk 0:17:54]} 47. Ke4 {[%clk 1:15:46]} Bg5
{[%clk 0:13:19]} 48. f4 {[%clk 1:14:34]} Bh4 {[%clk 0:12:43]} 49. f5
{[%clk 1:11:35]} Bg5 {[%clk 0:10:02]} 50. Nf2 {[%clk 1:11:54]} h6
{[%clk 0:05:50]} 51. f6 {[%clk 1:07:21]} Be3 {[%clk 0:04:07]} 52. Ng4
{[%clk 1:07:20]} Bc1 {[%clk 0:03:19]} 53. Nh2 {[%clk 1:07:39]} Bg5
{[%clk 0:02:45]} 54. Nf3 {[%clk 1:08:04]} Be3 {[%clk 0:03:00]} 55. Nh4
{[%clk 1:08:30]} Bf2 {[%clk 0:02:18]} 56. Ng6 {[%clk 1:08:37]} Bg3
{[%clk 0:01:53]} 57. Nf8 {[%clk 1:08:28]} Ka7 {[%clk 0:00:41]} 58. Nd7
{[%clk 1:08:23]} 1-0

[Event "Agen 2017 National"]
[Site "?"]
[Date "2017.08.23"]
[Round "5.4"]
[White "Jolly, Jean-Francois"]
[Black "Lagarde, Maxime"]
[Result "0-1"]
[BlackElo "2607"]
[WhiteElo "2381"]
[LiveChessVersion "1.4.8"]

1. e4 {[%clk 1:29:59]} c5 {[%clk 1:30:26]} 2. Nf3 {[%clk 1:30:22]} Nc6
{[%clk 1:30:44]} 3. c3 {[%clk 1:30:36]} Nf6 {[%clk 1:28:46]} 4. e5
{[%clk 1:30:43]} Nd5 {[%clk 1:29:11]} 5. d4 {[%clk 1:31:08]} cxd4
{[%clk 1:29:14]} 6. cxd4 {[%clk 1:31:32]} d6 {[%clk 1:28:15]} 7. Bc4
{[%clk 1:31:39]} e6 {[%clk 1:28:22]} 8. Qe2 {[%clk 1:30:30]} Be7 {[%clk 1:26:12]}
9. O-O {[%clk 1:28:27]} O-O {[%clk 1:25:38]} 10. Nc3 {[%clk 1:24:02]} dxe5
{[%clk 1:08:41]} 11. dxe5 {[%clk 1:23:55]} Nxc3 {[%clk 1:07:46]} 12. bxc3
{[%clk 1:24:20]} b6 {[%clk 1:02:17]} 13. Qe4 {[%clk 1:17:58]} Bb7
{[%clk 1:02:07]} 14. Bd3 {[%clk 1:15:26]} g6 {[%clk 1:02:24]} 15. Bh6
{[%clk 1:15:20]} Qc7 {[%clk 1:00:58]} 16. Bxf8 {[%clk 1:09:18]} Bxf8
{[%clk 1:01:06]} 17. Qe3 {[%clk 1:09:15]} Ne7 {[%clk 0:56:54]} 18. Be4
{[%clk 1:03:13]} Nd5 {[%clk 0:52:57]} 19. Qd2 {[%clk 0:57:48]} Rc8
{[%clk 0:48:38]} 20. Rac1 {[%clk 0:51:46]} b5 {[%clk 0:42:31]} 21. Qb2
{[%clk 0:46:05]} Qa5 {[%clk 0:25:28]} 22. Rc2 {[%clk 0:41:19]} Rc7
{[%clk 0:21:37]} 23. Nd2 {[%clk 0:34:14]} Bh6 {[%clk 0:09:11]} 24. Bf3
{[%clk 0:29:09]} Bf4 {[%clk 0:03:34]} 25. Re1 {[%clk 0:27:56]} Rxc3
{[%clk 0:02:04]} 26. Re2 {[%clk 0:15:08]} b4 {[%clk 0:01:07]} 27. Nb1
{[%clk 0:13:18]} Rd3 {[%clk 0:00:47]} 28. Nd2 {[%clk 0:11:26]} Nc3
{[%clk 0:00:43]} 29. Re1 {[%clk 0:11:23]} Ba6 {[%clk 0:00:37]} 30. Nb3
{[%clk 0:04:29]} Qc7 {[%clk 0:01:06]} 31. a3 {[%clk 0:03:13]} Rxf3
{[%clk 0:00:57]} 32. gxf3 {[%clk 0:03:17]} Qe7 {[%clk 0:01:18]} 33. h3
{[%clk 0:02:46]} Qg5+ {[%clk 0:00:58]} 34. Kh1 {[%clk 0:03:13]} Qh5
{[%clk 0:01:04]} 35. Kg2 {[%clk 0:03:37]} Qg5+ {[%clk 0:00:46]} 36. Kh1
{[%clk 0:04:03]} Qh5 {[%clk 0:00:37]} 37. Kg2 {[%clk 0:04:27]} Bxe5
{[%clk 0:00:32]} 38. Nd2 {[%clk 0:02:55]} Ne2 {[%clk 0:00:41]} 0-1

[Event "Agen 2017 - National Féminin"]
[Site "?"]
[Date "2017.08.23"]
[Round "5.1"]
[White "Milliet, Sophie"]
[Black "Maisuradze, Nino"]
[Result "1-0"]
[BlackElo "2280"]
[WhiteElo "2362"]
[LiveChessVersion "1.4.8"]

1. e4 {[%clk 1:30:48]} c6 {[%clk 1:30:49]} 2. d4 {[%clk 1:31:02]} d5
{[%clk 1:31:11]} 3. e5 {[%clk 1:31:19]} c5 {[%clk 1:31:16]} 4. dxc5
{[%clk 1:31:29]} Nc6 {[%clk 1:31:32]} 5. f4 {[%clk 1:29:04]} Bf5 {[%clk 1:20:09]}
6. Nf3 {[%clk 1:27:22]} e6 {[%clk 1:19:28]} 7. Be3 {[%clk 1:26:41]} Bg4
{[%clk 1:11:32]} 8. c3 {[%clk 1:21:53]} Nge7 {[%clk 1:09:24]} 9. h3
{[%clk 1:13:08]} Bxf3 {[%clk 1:09:39]} 10. Qxf3 {[%clk 1:13:34]} g5
{[%clk 0:48:36]} 11. Bd3 {[%clk 1:04:41]} gxf4 {[%clk 0:47:15]} 12. Qxf4
{[%clk 1:04:50]} Ng6 {[%clk 0:44:41]} 13. Bxg6 {[%clk 1:05:11]} hxg6
{[%clk 0:43:05]} 14. O-O {[%clk 0:59:41]} Qe7 {[%clk 0:24:05]} 15. Bd4
{[%clk 0:53:39]} Rh4 {[%clk 0:23:05]} 16. Qf2 {[%clk 0:53:56]} Bg7
{[%clk 0:21:07]} 17. Na3 {[%clk 0:50:35]} Bxe5 {[%clk 0:19:28]} 18. Bxe5
{[%clk 0:48:22]} Nxe5 {[%clk 0:19:56]} 19. Nb5 {[%clk 0:48:39]} Rh7
{[%clk 0:11:11]} 20. Nd6+ {[%clk 0:43:14]} Kf8 {[%clk 0:11:38]} 21. Qd4
{[%clk 0:24:27]} Nc6 {[%clk 0:06:18]} 22. Qe3 {[%clk 0:24:39]} Kg8
{[%clk 0:04:26]} 23. Rf2 {[%clk 0:24:11]} b6 {[%clk 0:00:43]} 24. Raf1
{[%clk 0:24:16]} Rf8 {[%clk 0:01:02]} 25. b4 {[%clk 0:24:15]} Nd8
{[%clk 0:00:43]} 26. c4 {[%clk 0:19:43]} dxc4 {[%clk 0:00:35]} 27. Nxc4
{[%clk 0:19:06]} bxc5 {[%clk 0:00:54]} 28. Ne5 {[%clk 0:18:44]} Rg7
{[%clk 0:00:43]} 29. bxc5 {[%clk 0:05:34]} f5 {[%clk 0:00:49]} 30. c6
{[%clk 0:05:40]} Qc7 {[%clk 0:00:37]} 31. Rc1 {[%clk 0:04:40]} g5
{[%clk 0:00:52]} 32. Rd2 {[%clk 0:03:56]} f4 {[%clk 0:00:53]} 33. Qd4
{[%clk 0:04:14]} Nf7 {[%clk 0:00:56]} 34. Nd7 {[%clk 0:04:18]} e5
{[%clk 0:00:44]} 35. Qd5 {[%clk 0:04:30]} Rc8 {[%clk 0:00:55]} 36. Qe6
{[%clk 0:04:02]} Kh8 {[%clk 0:00:49]} 37. Nf6 {[%clk 0:01:28]} Nd8
{[%clk 0:00:45]} 38. Qe8+ {[%clk 0:01:50]} 1-0

[Event "Agen 2017 - National Féminin"]
[Site "?"]
[Date "2017.08.23"]
[Round "5.2"]
[White "Haussernot, Cecile"]
[Black "Navrotescu, Andreea"]
[Result "1-0"]
[BlackElo "2150"]
[WhiteElo "2077"]
[LiveChessVersion "1.4.8"]

1. e4 {[%clk 1:30:54]} e5 {[%clk 1:30:55]} 2. Nc3 {[%clk 1:31:17]} Nf6
{[%clk 1:31:17]} 3. f4 {[%clk 1:31:38]} d5 {[%clk 1:30:16]} 4. fxe5
{[%clk 1:31:59]} Nxe4 {[%clk 1:30:28]} 5. d3 {[%clk 1:32:13]} Nxc3
{[%clk 1:25:19]} 6. bxc3 {[%clk 1:31:32]} c5 {[%clk 1:22:42]} 7. Nf3
{[%clk 1:31:31]} Nc6 {[%clk 1:22:35]} 8. Be2 {[%clk 1:29:52]} Be7
{[%clk 1:21:04]} 9. O-O {[%clk 1:26:16]} d4 {[%clk 1:17:46]} 10. Qe1
{[%clk 1:25:52]} O-O {[%clk 1:06:24]} 11. Qg3 {[%clk 1:25:31]} Kh8
{[%clk 1:00:37]} 12. cxd4 {[%clk 1:13:46]} Nxd4 {[%clk 0:55:20]} 13. Nxd4
{[%clk 1:13:50]} Qxd4+ {[%clk 0:55:31]} 14. Be3 {[%clk 1:14:12]} Qc3
{[%clk 0:55:46]} 15. Bf3 {[%clk 1:12:09]} Qxc2 {[%clk 0:38:21]} 16. Be4
{[%clk 1:12:28]} Rb8 {[%clk 0:34:50]} 17. Rf2 {[%clk 0:56:23]} Qa4
{[%clk 0:30:37]} 18. Raf1 {[%clk 0:44:26]} Be6 {[%clk 0:30:45]} 19. Rf4
{[%clk 0:44:44]} f5 {[%clk 0:18:31]} 20. exf6 {[%clk 0:40:52]} Bxf6
{[%clk 0:18:55]} 21. Bxh7 {[%clk 0:38:14]} Qd7 {[%clk 0:16:57]} 22. Bg6
{[%clk 0:37:24]} Rbc8 {[%clk 0:12:40]} 23. Rf5 {[%clk 0:30:34]} Bxf5
{[%clk 0:10:53]} 24. Rxf5 {[%clk 0:28:32]} Kg8 {[%clk 0:09:27]} 25. Qh3
{[%clk 0:28:32]} Rfd8 {[%clk 0:09:46]} 26. Qh7+ {[%clk 0:28:53]} Kf8
{[%clk 0:10:03]} 27. Rxf6+ {[%clk 0:29:16]} 1-0

[Event "Agen 2017 - National Féminin"]
[Site "?"]
[Date "2017.08.23"]
[Round "5.3"]
[White "Leconte, Maria"]
[Black "Benmesbah, Natacha"]
[Result "0-1"]
[BlackElo "2271"]
[WhiteElo "2208"]
[LiveChessVersion "1.4.8"]

1. e4 {[%clk 1:30:51]} c5 {[%clk 1:20:53]} 2. Nc3 {[%clk 1:31:13]} Nc6
{[%clk 1:21:17]} 3. Nge2 {[%clk 1:31:38]} g6 {[%clk 1:21:27]} 4. d4
{[%clk 1:31:54]} cxd4 {[%clk 1:21:53]} 5. Nxd4 {[%clk 1:32:22]} Bg7
{[%clk 1:22:19]} 6. Nde2 {[%clk 1:32:45]} Nf6 {[%clk 1:19:55]} 7. g3
{[%clk 1:33:05]} O-O {[%clk 1:14:30]} 8. Bg2 {[%clk 1:33:26]} d6 {[%clk 1:11:04]}
9. O-O {[%clk 1:33:46]} Bd7 {[%clk 1:10:11]} 10. Nd5 {[%clk 1:21:37]} b5
{[%clk 1:03:14]} 11. a4 {[%clk 1:00:14]} b4 {[%clk 1:02:24]} 12. c3
{[%clk 0:53:11]} bxc3 {[%clk 1:02:02]} 13. Nexc3 {[%clk 0:51:33]} Rb8
{[%clk 1:01:40]} 14. Ra3 {[%clk 0:39:09]} Nxd5 {[%clk 0:57:59]} 15. exd5
{[%clk 0:39:12]} Na5 {[%clk 0:57:45]} 16. Qe2 {[%clk 0:37:09]} Re8
{[%clk 0:56:49]} 17. Nb5 {[%clk 0:30:10]} a6 {[%clk 0:54:22]} 18. Na7
{[%clk 0:23:55]} Qb6 {[%clk 0:49:49]} 19. b4 {[%clk 0:21:36]} Qxb4
{[%clk 0:47:14]} 20. Nc6 {[%clk 0:21:59]} Bxc6 {[%clk 0:44:41]} 21. dxc6
{[%clk 0:22:17]} Nc4 {[%clk 0:43:56]} 22. Ra2 {[%clk 0:20:37]} e6
{[%clk 0:44:08]} 23. Bf4 {[%clk 0:10:55]} Rbc8 {[%clk 0:43:06]} 24. Rc1
{[%clk 0:11:08]} d5 {[%clk 0:42:59]} 25. c7 {[%clk 0:11:29]} Re7 {[%clk 0:31:47]}
26. Qd3 {[%clk 0:06:48]} Rexc7 {[%clk 0:28:48]} 27. Bxc7 {[%clk 0:07:12]} Rxc7
{[%clk 0:29:17]} 28. Qc2 {[%clk 0:04:21]} Be5 {[%clk 0:26:08]} 29. Bf1
{[%clk 0:03:33]} a5 {[%clk 0:20:56]} 30. Rb1 {[%clk 0:03:39]} Qc3
{[%clk 0:19:20]} 31. Rb3 {[%clk 0:03:00]} Qd4 {[%clk 0:18:33]} 32. Qd3
{[%clk 0:03:04]} Qxd3 {[%clk 0:13:02]} 33. Bxd3 {[%clk 0:03:32]} Bd6
{[%clk 0:13:25]} 34. Rb5 {[%clk 0:03:03]} Bb4 {[%clk 0:13:47]} 35. Rc2
{[%clk 0:03:25]} Kf8 {[%clk 0:13:31]} 36. Kf1 {[%clk 0:03:14]} Ke7
{[%clk 0:13:53]} 37. Ke2 {[%clk 0:03:28]} Kd6 {[%clk 0:14:05]} 38. f4
{[%clk 0:03:13]} Kd7 {[%clk 0:12:23]} 39. Rc1 {[%clk 0:03:27]} Nd6
{[%clk 0:09:43]} 40. Rxc7+ {[%clk 0:31:50]} Kxc7 {[%clk 0:40:08]} 41. g4
{[%clk 0:31:46]} Nxb5 {[%clk 0:37:26]} 42. Bxb5 {[%clk 0:30:00]} f6
{[%clk 0:35:58]} 43. h4 {[%clk 0:29:16]} Kd6 {[%clk 0:33:26]} 44. g5
{[%clk 0:24:34]} Ke7 {[%clk 0:31:28]} 45. Bc6 {[%clk 0:24:26]} Kf7
{[%clk 0:30:49]} 46. Bd7 {[%clk 0:23:55]} Bf8 {[%clk 0:30:12]} 47. Kf3
{[%clk 0:23:23]} Ke7 {[%clk 0:23:20]} 48. Bc6 {[%clk 0:23:13]} Kf7
{[%clk 0:19:44]} 49. Bd7 {[%clk 0:23:35]} Bb4 {[%clk 0:19:41]} 50. Bc6
{[%clk 0:23:11]} Be1 {[%clk 0:19:53]} 51. Kg4 {[%clk 0:22:48]} f5+
{[%clk 0:18:26]} 52. Kh3 {[%clk 0:23:14]} Ke7 {[%clk 0:18:53]} 53. Bb5
{[%clk 0:23:32]} Kd6 {[%clk 0:17:44]} 54. Be2 {[%clk 0:21:57]} e5
{[%clk 0:15:33]} 55. h5 {[%clk 0:22:20]} e4 {[%clk 0:14:45]} 56. h6
{[%clk 0:22:30]} Kc5 {[%clk 0:12:53]} 57. Kg2 {[%clk 0:22:37]} Kd4
{[%clk 0:10:09]} 58. Kf1 {[%clk 0:15:58]} Bd2 {[%clk 0:09:56]} 59. Bb5
{[%clk 0:15:40]} Bxf4 {[%clk 0:10:06]} 60. Be8 {[%clk 0:15:24]} Bxg5
{[%clk 0:10:30]} 61. Bxg6 {[%clk 0:15:49]} hxg6 {[%clk 0:10:54]} 62. h7
{[%clk 0:16:16]} Bf6 {[%clk 0:11:20]} 0-1